000 00593nam a2200193Ia 4500
003 OSt
005 20251003121520.0
008 220926b |||||||| |||| 00| 0 eng d
037 _cReference
040 _aRTL
_cRTL
_beng
041 _2eng
_aeng
084 _aR6, M5/SC
_qRTL
100 _aRaju P. T.
_9371135
245 0 _aStructural depths of Indian thought.
260 _aNew
_bDelhi South Asian Publishers
_c1985
300 _axxxi,599 p.
_ccm.
_bIncludes bibliographical references and index.
942 _hR6, M5/SC
_cREF
_2CC
_n0
999 _c691372
_d691372